000 00364nam a22001337a 4500
082 _a342.06 ZAF
100 _aZafar, Emmanuel
245 _aAdministrative Law /
_cEmmanuel Zafar
260 _aLahore :
_bEastern Law Book House,
_cN.A.
300 _a521 p. ;
_c24 cm.
942 _2ddc
_cBK
999 _c587095
_d587095